000 00840nam a2200241Ia 4500
003 OSt
005 20220923220903.0
006 a|||||r|||| 00| 0
007 ta
008 220922b |||||||| |||| 00| 0 hin d
024 _a191,904
037 _cTextual
040 _aARTS
_cARTS
_bhin
041 _2hin
_ahin
082 _aV2.N7, 152L8
100 _aठाकुर, जनार्दन
_9156279
245 0 _aये नये हुम्मरान, अनु आनंद स्वरूप वर्मा
246 _aYe naye hummarāna, anu0 ānanda svarūp varmā
260 _aनई दिल्ली
_b राधाकृष्ण प्रकाशन
_c1978
300 _a176पृ.
_ccm.
942 _hV2.N7, 152L8
_cTEXL
_2CC
999 _c344560
_d344560